000 04176nam a22004697a 4500
999 _c6595
_d6595
003 OSt
005 20260311130918.0
008 190228c xxuf||p| |||| 00| 0 spa d
040 _cPJ
245 1 0 _aRevista de derecho laboral :
_bla reforma laboral intentada por el DNU 70-2023 /
_cdirector Mario E. Ackerman.
260 _aSanta Fé :
_bRubinzal-Culzoni,
_c2024.
300 _a685 p.
_c22 cm.
310 _asemestral
362 _aNo. 1 (2024)
505 _tUna reforma laboral impúdicamente perversa y viciada de nulidad insanable que lastima a la democracia y agrede a la libertad /
_r Mario E. Ackerman.
505 _tBreves apuntes sobre los decretos de necesidad y urgencia en general y el dnu 70/2023 en particular /
_rAlejandro Sudera.
505 _tA título de introducción, viaje a través de las modificaciones y derogaciones regresivas de derechos laborales y de la seguridad social impuestas por el dnu 70/2023 /
_rCarlos Mariano Núñez.
505 _tLa registración del contrato de trabajo: el sistema legal luego de las reformas introducidas por el dnu 70/2023 /
_rJorge Elías y Sebastián Coppoletta.
505 _tLa jactancia de los intelectuales /
_rLiliana Rodríguez Fernández.
505 _tEl artículo 12 de la lct propuesto por el dnu 70/2023. un retroceso y varios desaciertos /
_r Diego M. Tosca.
505 _tLa estéril modificación del artículo 23 de la lct a través del manifiestamente inconstitucional dnu 70/2023 /
_rDiego M. Tosca.
505 _tLos “trabajadores colaboradores”. una manifestación del renacimiento del derecho social como “jerigonza jurídica” y de un indiscreto retorno al arrendamiento de servicios /
_rr Juan Ángel ConfalonierI.
505 _tEl artículo 29 de la lct conforme el artículo 69 del dnu 70/2023. la convalidación legal del fraude. la modificación del artículo 136 /
_rDiego M. Tosca.
505 _tEl “trabajo” de entregar “el certificado” y las consecuencias de su omisión, según el dnu 70/2023 /
_r Diego J. Tula.
505 _tEl artículo 92 bis de la ley de contrato de trabajo –según el dnu 70/2023 /
_r Nahuel Andreu.
505 _tLa licencia “por gestación”. ¿algo para rescatar del dnu 70/2023? /
_rLiliana Hebe Litterio .
505 _tLa pretendida modificación de la distribución del tiempo de trabajo-jornada y descansos y del artículo 277 de la lct en el decreto 70/2023 /
_rSilvia E. Pinto Varela.
505 _tEl artículo 245 de la lct según su reforma por el dnu 70/2023. la legalización de lo pretoriano y ciertos agregados (in)necesarios o (in)convenientes /
_rAlejandro Sudera.
505 _tEl nuevo artículo 245 bis de la lct . sobre cómo avanzar hacia el pasado /
_rAlejandro Sudera.
505 _tEl artículo 255 de la ley de contrato de trabajo –según el decreto de necesidad y urgencia 70/2023 /
_r Nahuel Andreu.
505 _tLa adecuada recomposición del crédito adeudado a las personas que trabajan en un contexto de depreciación monetaria (“ y/o la actualización y/o repotenciación y/o aplicación de intereses”) según el dnu 70/2023 /
_rDiego J. Tula.
505 _tLibertad sindical y dnu 70/2023: un evitable camino de regreso /
_rPablo Arnaldo Topet.
505 _tComentarios a los artículos 73 y 86 del dnu 70/2023: cuotas sindicales y ultraactividad de convenios colectivos en foco /
_r Guillermo Gianibelli.
505 _tLas modificaciones del dnu 70/2023 al régimen legal del contrato de teletrabajo /
_r Horacio R. Las Heras.
505 _tLa nueva regulación de la huelga en los servicios esenciales contenida en el dnu 70/2023 y sus incompatibilidades con la garantía constitucional del derecho y la doctrina de los órganos de control /
_rHéctor O. García y José E. Tribuzio.
505 _tRecopilación de sentencias referidas al dnu 70/2023 en materia laboral /
_r Diego Guirado.
650 0 _91316
_aDERECHO LABORAL
700 _91423
_aAckermann, Mario Eduardo
_edirector
856 _uhttps://www.rubinzal.com.ar/revistas/revista-de-derecho-laboral/5/?home=1
_yRubinzal Culzoni Editores
942 _2udc
_cPP
_h347.1(05)
_iREV